书目信息 |
| 题名: |
运动性损伤治疗
|
|
| 作者: | 邹克扬 , 贾敏 主编 | |
| 分册: | ||
| 出版信息: | 北京 北京师范大学出版社 2017重印 |
|
| 页数: | 315页 | |
| 开本: | 23cm | |
| 丛书名: | ||
| 单 册: | ||
| 中图分类: | R873 | |
| 科图分类: | ||
| 主题词: | 运动性疾病--yun dong xing ji bing--损伤--治疗 | |
| 电子资源: | ||
| ISBN: | 978-7-303-19226-7 | |
| 000 | 01297nam0 2200265 45 | |
| 001 | 012001002523 | |
| 005 | 20140101143541.0 | |
| 010 | @a978-7-303-19226-7@dCNY36.00 | |
| 099 | @aCAL 012015142598 | |
| 100 | @a20151118d2015 em y0chiy50 ea | |
| 101 | 0 | @achi |
| 102 | @aCN@b110000 | |
| 105 | @aa z 000yy | |
| 106 | @ar | |
| 200 | 1 | @a运动性损伤治疗@Ayun dong xing sun shang zhi liao@f邹克扬, 贾敏主编 |
| 210 | @a北京@c北京师范大学出版社@d2017重印 | |
| 215 | @a315页@c图@d23cm | |
| 330 | @a本书分上下两篇。上篇总论共四章,主要介绍运动性损伤概论,包括运动性损伤的分类、病因、发病规律及其特点;运动性损伤检查与诊断和预防原则;运动性损伤的急救。详细介绍了祖国医学对运动性损伤的治疗,包括中医治疗原则和方法、常用中药与方剂、推拿按摩、针灸疗法、拔罐疗法、小夹板固定等。同时介绍了现代医学的封闭疗法、物理疗法、石膏绷带固定法、牵引疗法和手术疗法。提出了运动性损伤的康复和功能锻炼等。下篇各论共九章,主要介绍肩部、肘部与前臂、手部骨盆与股部 、膝部运动性损伤、小腿运动性损伤、足踝部、头颈、胸腹部部运动性损伤和腰背部运动性损伤。 | |
| 333 | @a21世纪体育系列规划教材 | |
| 606 | 0 | @a运动性疾病@Ayun dong xing ji bing@x损伤@x治疗 |
| 690 | @aR873@v5 | |
| 701 | 0 | @a邹克扬@AZou Keyang@4主编 |
| 701 | 0 | @a贾敏@AJia Min@4主编 |
| 801 | 0 | @aCN@b北京卓展@c20191020 |
| 905 | @b1203743-6@dR873@e22@f4 | |
| 运动性损伤治疗/邹克扬, 贾敏主编.-北京:北京师范大学出版社,2017重印 |
| 315页:图;23cm |
| 使用对象:21世纪体育系列规划教材 |
| ISBN 978-7-303-19226-7:CNY36.00 |
| 本书分上下两篇。上篇总论共四章,主要介绍运动性损伤概论,包括运动性损伤的分类、病因、发病规律及其特点;运动性损伤检查与诊断和预防原则;运动性损伤的急救。详细介绍了祖国医学对运动性损伤的治疗,包括中医治疗原则和方法、常用中药与方剂、推拿按摩、针灸疗法、拔罐疗法、小夹板固定等。同时介绍了现代医学的封闭疗法、物理疗法、石膏绷带固定法、牵引疗法和手术疗法。提出了运动性损伤的康复和功能锻炼等。下篇各论共九章,主要介绍肩部、肘部与前臂、手部骨盆与股部 、膝部运动性损伤、小腿运动性损伤、足踝部、头颈、胸腹部部运动性损伤和腰背部运动性损伤。 |
| ● |
| 相关链接 |
|
|
|
|
正题名:运动性损伤治疗
索取号:R873/22
 
预约/预借
| 序号 | 登录号 | 条形码 | 馆藏地/架位号 | 状态 | 备注 |
| 1 | 1203743 | 212037437 | 第二样本阅览室/ [索取号:R873/22] | 在馆 | |
| 2 | 1203744 | 212037446 | 第三借阅区/ [索取号:R873/22] | 在馆 | |
| 3 | 1203745 | 212037455 | 第三借阅区/ [索取号:R873/22] | 在馆 | |
| 4 | 1203746 | 212037464 | 第三借阅区/ [索取号:R873/22] | 在馆 |